|
|
|
|
| LEADER |
00000naa a2200000 a 4500 |
| 001 |
vtls011849942 |
| 003 |
SK-MaSNL |
| 005 |
20260302134114.0 |
| 008 |
210910|2013 xo |||||||||||||||||eng| |
| 015 |
|
|
|a SNBCL
|
| 035 |
|
|
|a (urnnbn)urn:nbn:sk:snk:ar-a0ar6z
|
| 035 |
|
|
|a urn:nbn:sk:snk-aaw57g
|
| 035 |
|
|
|a (uuid)fe211df2-d4d7-4c39-a90a-4c9f09f29c3a
|
| 040 |
|
|
|a SNKBUCL
|b slo
|c SNKBUCL
|e AACR2
|
| 041 |
|
|
|a eng
|
| 044 |
|
|
|a xo
|c SK
|
| 100 |
1 |
|
|a Rutkowska-Podołowska, Małgorzata
|4 aut
|9 821421
|
| 245 |
1 |
0 |
|a THEORETICAL PROBLEMS OF THE ENVIRONMENT AND ITS PROTECTION
|c Małgorzata Rutkowska-Podołowska, Łukasz Popławski
|
| 336 |
|
|
|a text
|b txt
|c rdacontent
|
| 337 |
|
|
|a bez média
|b n
|c rdamedia
|
| 338 |
|
|
|a zväzok
|b nc
|c rdacarrier
|
| 655 |
|
7 |
|a články zo zborníkov
|2 snkbucl
|9 166140
|
| 700 |
1 |
|
|a Popławski, Łukasz
|4 aut
|9 372811
|
| 773 |
0 |
|
|t Zborník vedeckých prác v rámci projektu Nové technológie pre energeticky environmentálne a ekonomicky efektívne zhodocovanie biomasy ITMS: 26220220063
|d Bratislava : Ekonóm, 2013
|g S. 105-107
|z 9788022538206
|
| 958 |
|
|
|a OND
|
| 958 |
|
|
|a article26
|
| 958 |
|
|
|a chapter
|
| 999 |
|
|
|c 1320009
|d 1321939
|